| 000 | 02629nam a2200313 a 4500 | ||
|---|---|---|---|
| 001 | 000037620 | ||
| 003 | |||
| 005 | 20260303111707.0 | ||
| 007 | ta | ||
| 008 | 121008s2010 dr 000 0 spa d | ||
| 020 | _a9789945460674 | ||
| 040 |
_aBPMSU _bspa _cBPMSU |
||
| 082 | 0 | 4 |
_aRD860.3 _bA676d 2010 _222 |
| 100 | 1 | _aArdavín Trabanco, Carlos X. | |
| 245 | 1 | 0 |
_aDiccionario personal de literatura dominicana / _cCarlos X. Ardavín Trabanco. |
| 260 |
_aSanto Domingo : _bSantuario, _c2010. |
||
| 300 |
_a156 p. ; _c23 cm. |
||
| 490 | 0 | _aSantuario | |
| 500 | _aIncluye datos biográficos del autor en las solapas | ||
| 505 | 0 | _aNota preliminar, 9 / José Alcántara Almánzar, 11 / Joaquín Balaguer, 13 / Juan Daniel Balcácer, 15 / León Félix Batista, 17 / Osvaldo Bazil, 19 / Basilio Belliard, 21 / Juan Bosch, 23 / Luis O. Brea Franco, 25 / Manuel del Cabral, 27 / Aída Cartagena Portalatín, 29 / Diógenes Céspedes, 31 / Tulio Manuel Cestero, 33 / Plinio Chahín, 35 / Miguel Collado, 37 / Francisco Comarazamy, 39 / León David, 41 / Virgilio Díaz Grullón, 43 / Juan Pablo Duarte, 45 / Carlos Francisco Elías, 47 / Antonio Fernández Spencer, 49 / Alex Ferreras, 55 / Fabio Fiallo, 57 / Ramón A. Font Bernard, 59 / Miguel Ángel Fornerín, 61 / José Enrique García, 63 / Eugenio García Cuevas, 65 / Freddy Gatón Arce, 67 / Cándido Gerón, 69 / Alexis Gómez Rosa, 71 / Federico Henríquez Gratereaux, 73 / Camila Henríquez Ureña, 75 / Max Henríquez Ureña, 77 / Pedro Henríquez Ureña, 79 / Taty Hernández Rueda, 83 / Orlando Inoa, 85 / Norberto James, 87 / Dionisio de Jesús, 89 / José Rafael Lantigua, 91 / Mariano Lebrón Saviñón, 93 / Américo Lugo, 95 / José Mármol, 97 / Andrés L. Mateo, 99 / Miguel D. Mena, 101 / Franklin Mieses Burgos, 103 / Jeannette Mir, 107 / Manuel Mora Serrano, 109 / Domingo Moreno Jiménez, 111 / Mateo Morrison, 113 / Frank Moya Pons, 115 / Manuel Núñez, 117 / Germán Emilio Ornes, 121 / Pedro Peix, 123 / Giovanni Di Pietrol, 125 / Tony Raful, 127 / Emilio Rodríguez Demorizi, 129 / René Rodríguez Soriano, 131 / Bruno Rosario Candelier, 133 / Enriquillo Sánchez, 135 / Médar Serrata, 137 / Rosa Silverio, 139 / María Ugarte, 141 / Salomé Ureña de Henríquez, 143 / Marcio Veloz Maggiolo, 145 / Pedro Vergés, 147 | |
| 590 | _aInventariado, 2025/VM | ||
| 650 | 4 |
_aAutores dominicanos _xCrítica e interpretación _yDiccionarios |
|
| 650 | 4 |
_aLiteratura dominicana _vDiccionarios |
|
| 910 | _aVMateo V. Control de calidad BPMSU | ||
| 930 | 1 |
_l _m _8 _f _p _g |
|
| 942 |
_2ddc _cBK |
||
| 956 |
_a _b _c _l _h |
||
| 956 |
_a _b _c _l _h |
||
| 999 |
_c7189 _d7189 |
||